01213nam a22003257a 4500001001000000003000900010005001700019007000300036008003400039040005400073041001000127072001900137090001900156100002000175110009900195245014600294260003800440300001100478500007100489650000900560650002500569650001700594650002600611650001400637650002400651909003600675942000700711999001700718952015200735BR0806816BR-BrBNA20230928102800.0ta230509b bl.||||| |||| 00| 0 por d aBR-BrBNAbporcBiblioteca Nacional de Agricultura a(Por) aF30; Q04b0336  0336 BR08068161 aAbrahão, O.S.1 aCentro de Energia Nuclear na Agricultura, Piracicaba, SP (Brasil)0Tese (Doutor em Ciências)1 aRastreabilidade de soja Roundup Realy em produtos agrícolas e derivados: produção de materiais de referência e uso de marcadores AFLP3 aPiracicaba, SP (Brasil): c2008.  a125 p. aSummaries (Eng, Por); Bibliography p. 102-111; 8 tables; 24 illus. aSOJA aPLANTA TRANSGÊNICA aRASTREAMENTO aANÁLISE DE ALIMENTO aQUALIDADE aMODELO MATEMÁTICO a202309bLuciac55dLucia Elande cBK c72427d72427 002AGRIS40708AGROBASEa41918b41918l0o 0336 BR0806816p0336 BR0806816r2023-09-25t01yBK10d2023-09-25ePortaria Interministerial nº 164/94